00346nam a22001457a 4500003000400000020001800004082002100022100003700043245002500080250000800105260003800113300000800151650002000159700002100179OSt a9788131518373 a658.4012bHIL/ST aCharies W L HillaGareth R Jones aStrategic Management a9th aNew DelhibCengage Learningc2014 a455 aGlobal Strategy aCharies W L Hill